| 000 | 01133cam a2200253 4500 | ||
|---|---|---|---|
| 001 | ABS66016 | ||
| 008 | 021030n2002 000 0 eng u | ||
| 035 | _a(Sirsi) u120325 | ||
| 245 | _aBuilding Intelligence | ||
| 260 | _c2002 | ||
| 490 |
_aBuilding _v267(8254) 11 October 2002, 63-71(9) |
||
| 520 | _aConstruction industry market analysis reports a more promising outlook for UK construction than previously expected, with summer construction forecasts revised upwards. The optimism is based on the buoyant start to 2002 with increases in orders and output; government's increased spending commitments on health, education, housing and transport; and the more promising outlook for consumer spending. Industrial building is identified as the only weakness. Graphs. Tables. | ||
| 590 | _aABS | ||
| 650 | _aCONSTRUCTION MARKET | ||
| 650 | _aFORECASTS | ||
| 650 | _aCONSTRUCTION OUTPUT | ||
| 650 | _aNEW ORDERS | ||
| 650 | _aCOMMERCIAL SECTOR | ||
| 650 | _aINDUSTRIAL SECTOR | ||
| 650 | _aREPAIR AND MAINTENANCE | ||
| 650 | _aRESIDENTIAL SECTOR | ||
| 690 | _aBUILT ENVIRONMENT-CONSTRUCTION MARKET | ||
| 942 | _n0 | ||
| 999 |
_c71487 _d71487 |
||